The tragedy of Antony and Cleopatra :

Zapisane w:
Opis bibliograficzny
1. autor: Shakespeare, William, 1564-1616
Kolejni autorzy: Mack, Maynard, 1909-
Format: Książka
Język:English
Wydane: Baltimore : Penguin Books, [1960]
Seria:The Pelican Shakespeare AB20
Hasła przedmiotowe:
LEADER 01051nam a2200277 a 4500
001 c000327363
003 CARM
005 00000000000000.0
008 780517s1960 mdu 00010 eng
019 1 |a 1165641  |z 23887167  |z 21813757  |5 LACONCORD2021 
035 |a (OCoLC)3330784  |5 LACONCORD2021 
040 |c WaSpW  |d XCC 
050 0 0 |a PR2802.A2  |b M26 
082 1 |a 822.33  |2 19 
100 1 |a Shakespeare, William,  |d 1564-1616. 
240 1 0 |a Antony and Cleopatra 
245 1 4 |a The tragedy of Antony and Cleopatra :  |c edited by Maynard Mack. 
260 |a Baltimore :  |b Penguin Books,  |c [1960] 
300 |a 160 p. ;  |c 19 cm. 
490 0 |a The Pelican Shakespeare  |v AB20 
600 1 0 |a Antonius, Marcus,  |d 83?-30 B.C.  |x Drama. 
600 0 0 |a Cleopatra,  |c Queen of Egypt,  |d d. 30 B.C.  |x Fiction. 
700 1 |a Mack, Maynard,  |d 1909- 
852 8 |b CARM  |h A1:AL25A0  |i A05344  |p 0487264  |f BK 
999 f f |i 362e99ee-0854-53bf-a1d3-b23f0391579b  |s 6dbb5243-d17a-577a-b297-720f6bf19873 
952 f f |p Can circulate  |a CAVAL  |b CAVAL  |c CAVAL  |d CARM 1 Store  |e A05344  |f A1:AL25A0  |h Other scheme  |i book  |m 0487264